Biomaterials : (Record no. 15439)
[ view plain ]
| 000 -LEADER | |
|---|---|
| fixed length control field | 01215cam a22001818a 4500 |
| 020 ## - INTERNATIONAL STANDARD BOOK NUMBER | |
| ISBN | 9781439872512 (hardcover : alk. paper) |
| 040 ## - CATALOGING SOURCE | |
| Transcribing agency | DLC |
| 082 00 - DEWEY DECIMAL CLASSIFICATION NUMBER | |
| Classification number | 610 TAY 2013 A054 Or. |
| 245 00 - TITLE STATEMENT | |
| Title | Biomaterials : |
| Remainder of title | principles and practices / |
| 260 ## - PUBLICATION, DISTRIBUTION, ETC. (IMPRINT) | |
| Place of publication | Boca Raton : |
| Name of publisher | Taylor & Francis, |
| Year of publication | 2013. |
| 300 ## - PHYSICAL DESCRIPTION | |
| Number of Pages | 1 v. (various pagings) : |
| Other physical details | ill. ; |
| Dimensions | 26 cm. |
| 520 ## - SUMMARY, ETC. | |
| Summary, etc | "Most current applications of biomaterials involve structural functions, even in those organs and systems which are not primarily structural in their nature, or very simple chemical or electrical functions. Complex chemical functions such as those of the liver and complex electrical or electrochemical functions such as those of the brain and sense organs cannot be carried out by biomaterials at this time. With these basic concepts in mind, this book focuses on biomaterials consisting of different materials such as metallic, ceramic, polymeric, and composite. It highlights the impact of recent advances in the area of nano- and microtechnology on biomaterial design"--Provided by publisher. |
| 650 12 - SUBJECT ADDED ENTRY--TOPICAL TERM | |
| Topical Term | Biocompatible Materials |
| 700 1# - ADDED ENTRY--PERSONAL NAME | |
| Personal name | Wong, Joyce Y. |
| 700 1# - ADDED ENTRY--PERSONAL NAME | |
| Personal name | Bronzino, Joseph D., |
| 700 1# - ADDED ENTRY--PERSONAL NAME | |
| Personal name | Peterson, Donald R. |
| 942 ## - ADDED ENTRY ELEMENTS (KOHA) | |
| Koha item type | សៀវភៅភាសាអង់គ្លេស |
| 952 ## - LOCATION AND ITEM INFORMATION (KOHA) | |
| Withdrawn status [LOCAL, KOHA] | 0 |
| Permanent Location | Date acquired | Koha item type | Lost status | Shelving location | Barcode | Current Location | Full call number |
|---|---|---|---|---|---|---|---|
| Library Block A | 2017-11-21 | សៀវភៅភាសាអង់គ្លេស | A054 | A06241 | Library Block A | 610 TAY 2013 A054 Or. |